Score 0/50 Timer 08:00
0 Plays Today
% Correct
Phoenix (Arizona)
92.9%
Los Angeles (California)
92.9%
Atlanta (Georgia)
92.9%
Denver (Colorado)
90.5%
Chicago (Illinois)
90.5%
Anchorage (Alaska)
88.1%
Indianapolis (Indiana)
85.7%
Honolulu (Hawaii)
83.3%
Boise (Idaho)
83.3%
Little Rock (Arkansas)
81%
Des Moines (Iowa)
81%
Birmingham (Alabama)
78.6%
Louisville (Kentucky)
78.6%
Baltimore (Maryland)
78.6%
Boston (Massachusetts)
78.6%
Detroit (Michigan)
78.6%
New Orleans (Louisiana)
76.2%
Jacksonville (Florida)
73.8%
Wichita (Kansas)
73.8%
Minneapolis (Minnesota)
69%
Albuquerque (New Mexico)
69%
Philadelphia (Pennsylvania)
69%
Las Vegas (Nevada)
66.7%
New York (New York)
66.7%
Oklahoma City (Oklahoma)
66.7%
% Correct
Jackson (Mississippi)
64.3%
Portland (Oregon)
64.3%
Omaha (Nebraska)
61.9%
Charlotte (North Carolina)
59.5%
Providence (Rhode Island)
59.5%
Portland (Maine)
57.1%
Wilmington (Delaware)
54.8%
Bridgeport (Connecticut)
52.4%
Newark (New Jersey)
52.4%
Columbus (Ohio)
52.4%
Seattle (Washington)
52.4%
Salt Lake City (Utah)
50%
Billings (Montana)
47.6%
Houston (Texas)
47.6%
Manchester (New Hampshire)
45.2%
Burlington (Vermont)
45.2%
Milwaukee (Wisconsin)
45.2%
Cheyenne (Wyoming)
45.2%
Kansas City (Missouri)
40.5%
Virginia Beach (Virginia)
40.5%
Fargo (North Dakota)
38.1%
Charleston (West Virginia)
35.7%
Memphis (Tennessee)
31%
Columbia (South Carolina)
28.6%
Sioux Falls (South Dakota)
28.6%
Remove Ads.
Support Sporcle.
Get the best of Sporcle when you Go Orange. This ad-free experience offers more features, more stats, and more fun while also helping to support Sporcle. Thank you for becoming a member.

You're not logged in!

Compare scores with friends on all Sporcle quizzes.
OR
Log In

Show Comments

Extras

Top Quizzes Today


Score Distribution

Your Account Isn't Verified!

In order to create a playlist on Sporcle, you need to verify the email address you used during registration. Go to your Sporcle Settings to finish the process.

Report this User

Report this user for behavior that violates our Community Guidelines.

Details: